000 00791nam a22002177a 4500
999 _c11664
_d11664
003 AR-CdUCM
008 190404b ||||| |||| 00| 0 spa d
040 _aMUNICIPALIDAD PROVINCIAL DEL CUSCO
_cBIBLIOTECA MUNICIPAL DEL CUSCO
082 _a869.56 / 1947 /
_bM64C
100 _aMiro QuesadaS., Aurelio
_929135
245 _aCervantes, Tirso y el Perú /
260 _aLima :
_bEditorial Huascaran,
_c1947.
300 _a217 páginas ;
_bFotografías,
_c21 cm.
440 _aColección de autores peruanos del siglo XX
_929136
505 _aContenido: Cervantes y el Perú -- El Perú en la obra de Tirso de Molina -- Bibliografia.
650 _aMiguel de Cervantes
_912044
650 _aQuijote
_95500
650 _aCentenario
_929137
942 _2ddc
_cLIBROS
945 _adavv
_d04/04/2019